<?xml version="1.0" encoding="UTF-8"?><?xml-stylesheet type="text/xsl" href="static/style.xsl"?><OAI-PMH xmlns="http://www.openarchives.org/OAI/2.0/" xmlns:xsi="http://www.w3.org/2001/XMLSchema-instance" xsi:schemaLocation="http://www.openarchives.org/OAI/2.0/ http://www.openarchives.org/OAI/2.0/OAI-PMH.xsd"><responseDate>2026-05-11T13:08:20Z</responseDate><request verb="GetRecord" identifier="oai:riubu.ubu.es:10259/10080" metadataPrefix="marc">https://riubu.ubu.es/oai/request</request><GetRecord><record><header><identifier>oai:riubu.ubu.es:10259/10080</identifier><datestamp>2025-01-30T01:05:40Z</datestamp><setSpec>com_10259_10076</setSpec><setSpec>com_10259_3989</setSpec><setSpec>com_10259.4_106</setSpec><setSpec>com_10259_2604</setSpec><setSpec>col_10259_10078</setSpec></header><metadata><record xmlns="http://www.loc.gov/MARC21/slim" xmlns:doc="http://www.lyncode.com/xoai" xmlns:xsi="http://www.w3.org/2001/XMLSchema-instance" xmlns:dcterms="http://purl.org/dc/terms/" xsi:schemaLocation="http://www.loc.gov/MARC21/slim http://www.loc.gov/standards/marcxml/schema/MARC21slim.xsd">
<leader>00925njm 22002777a 4500</leader>
<datafield tag="042" ind1=" " ind2=" ">
<subfield code="a">dc</subfield>
</datafield>
<datafield tag="720" ind1=" " ind2=" ">
<subfield code="a">Tortosa Martínez, Begoña María</subfield>
<subfield code="e">author</subfield>
</datafield>
<datafield tag="720" ind1=" " ind2=" ">
<subfield code="a">Pérez Fuentes, María del Carmen</subfield>
<subfield code="e">author</subfield>
</datafield>
<datafield tag="720" ind1=" " ind2=" ">
<subfield code="a">Ruiz Sánchez, Luis Jorge</subfield>
<subfield code="e">author</subfield>
</datafield>
<datafield tag="260" ind1=" " ind2=" ">
<subfield code="c">2021</subfield>
</datafield>
<datafield tag="520" ind1=" " ind2=" ">
<subfield code="a">En la última década, el interés por el estudio de las cualidades positivas de los&#xd;
estudiantes ha proliferado dentro de la psicología de la educación (Kristjánsson,&#xd;
2012). Entre las cualidades mencionadas destaca el compromiso escolar, constructo&#xd;
identificado como un factor crucial para el desarrollo del bienestar psicosocial y el&#xd;
éxito con los estudios (Motti-Stefadini y Masten, 2013; Ramos-Díaz, RodríguezFernández, Fernández-Zabala, Revuelta, y Zuazagoitia, 2016). La variable de&#xd;
compromiso no cuenta con una acotación conceptual unívoca, por lo que genera un&#xd;
debate para los investigadores (Appleton, Christenson, y Furlong, 2008; Lawson y&#xd;
Lawson, 2013). Aunque puede definirse como el nivel en que el estudiante se&#xd;
compromete académicamente y muestra motivación hacia sus estudios (SimonsMorton y Chen, 2009), es decir, es un meta-constructo que abarca tres dimensiones:&#xd;
conductual, emocional y cognitiva (Appleton, 2012; Fredricks, Blumenfeld, y Paris,&#xd;
2004; Glanville y Wildhagen, 2007; González y Verónica-Paoloni, 2014; Veiga, Burden,&#xd;
Appleton, Céu, y Galvao, 2014).</subfield>
</datafield>
<datafield tag="024" ind2=" " ind1="8">
<subfield code="a">978-84-1122-010-1</subfield>
</datafield>
<datafield tag="024" ind2=" " ind1="8">
<subfield code="a">http://hdl.handle.net/10259/10080</subfield>
</datafield>
<datafield tag="245" ind1="0" ind2="0">
<subfield code="a">Resiliencia, competencia personal clave para generar compromiso y bienestar psicosocial en estudiantes</subfield>
</datafield>
</record></metadata></record></GetRecord></OAI-PMH>